Mosaicos en la villa romana La Olmeda / (Record no. 187045)
[ view plain ]
| 000 -LEADER | |
|---|---|
| campo de control de longitud fija | 00975nam a2200253 i 4500 |
| 001 - NÚMERO DE CONTROL | |
| campo de control | 187045 |
| 003 - IDENTIFICADOR DE NÚMERO DE CONTROL | |
| campo de control | SpMaBN |
| 005 - FECHA Y HORA DE LA ÚLTIMA TRANSACCIÓN | |
| campo de control | 20251005063140.0 |
| 008 - DATOS DE LONGITUD FIJA--INFORMACIÓN GENERAL | |
| campo de control de longitud fija | 170405s2008 sp aeo |||| | spa d |
| 020 ## - NÚMERO INTERNACIONAL ESTÁNDAR DEL LIBRO | |
| Número Internacional Estándar del Libro | 978-84-8173-136-1 |
| 080 ## - NÚMERO DE LA CLASIFICACIÓN DECIMAL UNIVERSAL | |
| Número de la Clasificación Decimal Universal | 738.5.032(37:460.183) |
| 080 ## - NÚMERO DE LA CLASIFICACIÓN DECIMAL UNIVERSAL | |
| Número de la Clasificación Decimal Universal | 904(460.183):7.032(37) |
| 100 1# - ENTRADA PRINCIPAL--NOMBRE DE PERSONA | |
| Nombre de persona | Cortés Álvarez de Miranda, Javier, |
| Fechas asociadas al nombre | 1929-2009 |
| 9 (RLIN) | 162287 |
| 245 10 - MENCIÓN DEL TÍTULO | |
| Título | Mosaicos en la villa romana La Olmeda / |
| Mención de responsabilidad, etc. | Javier Cortes Álvarez de Miranda ; [traducción, Martin Greedy]. |
| 260 ## - PUBLICACIÓN, DISTRIBUCIÓN, ETC. | |
| Lugar de publicación, distribución, etc. | Palencia : |
| Nombre del editor, distribuidor, etc. | Diputación de Palencia, |
| Fecha de publicación, distribución, etc. | 2008. |
| 300 ## - DESCRIPCIÓN FÍSICA | |
| Extensión | 127 p. : |
| Otras características físicas | il. col. y n., fot., 1 plano ; |
| Dimensiones | 34 cm. |
| 500 ## - NOTA GENERAL | |
| Nota general | Glosario. |
| 546 ## - NOTA DE IDIOMA | |
| Nota de lengua/lenguaje | Texto español y traducción en inglés. |
| 650 #7 - PUNTO DE ACCESO ADICIONAL DE MATERIA--TÉRMINO DE MATERIA | |
| Término de materia o nombre geográfico como elemento de entrada | Mosaicos romanos- |
| Subdivisión geográfica | Palencia (Provincia) |
| 9 (RLIN) | 162285 |
| 651 #7 - PUNTO DE ACCESO ADICIONAL DE MATERIA--NOMBRE GEOGRÁFICO | |
| Nombre geográfico | La Olmeda (Palencia, Yacimiento) |
| 9 (RLIN) | 162286 |
| 710 1# - ENTRADA AGREGADA--NOMBRE DE ENTIDAD CORPORATIVA | |
| Nombre de entidad corporativa o nombre de jurisdicción como elemento de entrada | Palencia (Provincia). |
| Unidad subordinada | Diputación Provincial. |
| 9 (RLIN) | 6107 |
| 852 ## - LOCALIZACIÓN | |
| Ubicación | ES-MaACL |
| Número de control de estantería | L-31365 |
| Nota libre | - enc. tela |
| Estatus retirado | Estado de pérdida | Estado de daño | No para préstamo | Biblioteca de origen | Biblioteca actual | Ubicación en estantería | Fecha de adquisición | Fuente de adquisición | Total de préstamos | Signatura topográfica completa | Código de barras | Visto por última vez | Precio de reemplazo | Tipo de ítem Koha |
|---|---|---|---|---|---|---|---|---|---|---|---|---|---|---|
| Biblioteca del Ateneo de Madrid | Biblioteca del Ateneo de Madrid | Depósito 2 | 05/04/2017 | L-31365 | 1197330 | 23/02/2023 | 23/02/2023 | Libro impreso |
